[Event "XLII Gold Cup"]
[Site "Merano - Meran ITA"]
[Date "2014.05.03"]
[Round "9"]
[White "Spanton, Timothy R."]
[Black "Perman, Denis"]
[WhiteElo "1949"]
[BlackElo "1835"]
[Result "1-0"]
[PlyCount "51"]
[EventDate "2014.04.25"]

1. d4 f5 2. Nf3 g6 3. Bf4 Bg7 4. Nbd2 Nf6 5. e3 O-O 6. Bd3 d6 7. c3 Qe8 8. h3
Nc6 9. Bh2 e5 10. dxe5 dxe5 11. Bc4+ Kh8 12. O-O e4 13. Nd4 Nxd4 14. cxd4 c6
15. b4 g5 16. Bd6 Qg6 17. Bxf8 Bxf8 18. f3 f4 19. Nxe4 Nxe4 20. fxe4 Bxb4 21.
exf4 Qxe4 22. Qd3 Qxd3 23. Bxd3 Bc3 24. Rab1 Bxd4+ 25. Kh1 Be6 26. Rxb7 1-0

[Event "XXVII C.to Italiano UISP a squadre"]
[Site "Pomezia ITA"]
[Date "2014.05.??"]
[Round "?"]
[White "Collobiano, Alberto"]
[Black "Vuelban, Virgilio"]
[WhiteElo "2045"]
[BlackElo "2310"]
[Result "1-0"]
[PlyCount "111"]
[EventDate "2014.05.03"]

1. d4 Nf6 2. c4 c6 3. Nc3 d5 4. f3 a6 5. cxd5 cxd5 6. Bg5 e6 7. e3 Be7 8. Bd3
Nh5 9. Bxe7 Qxe7 10. Qd2 Nc6 11. a3 b5 12. b4 Nf6 13. f4 Nd7 14. Nf3 Nb6 15.
O-O Bb7 16. Ne5 Rc8 17. Be2 Nxe5 18. fxe5 Nc4 19. Bxc4 dxc4 20. Rf4 O-O 21.
Raf1 f6 22. exf6 Rxf6 23. e4 Rcf8 24. Rxf6 Rxf6 25. Rxf6 Qxf6 26. Qe3 Kf8 27.
Qf3 Ke7 28. Qxf6+ gxf6 29. Kf2 Kd6 30. g3 Bc6 31. Ke3 Be8 32. Kf4 e5+ 33. dxe5+
fxe5+ 34. Kf5 Bg6+ 35. Kf6 Be8 36. g4 Bd7 37. g5 Be8 38. h4 Bg6 39. Kg7 Ke7 40.
Kh6 Kf8 41. h5 Bf7 42. Kxh7 Bxh5 43. g6 Ke7 44. g7 Bf7 45. g8=Q Bxg8+ 46. Kxg8
Kf6 47. Kf8 Kg5 48. Ke7 Kf4 49. Kd6 Ke3 50. Kxe5 Kd3 51. Nd5 c3 52. Nxc3 Kxc3
53. Kd5 Kb3 54. e5 Kxa3 55. Kc5 Ka4 56. e6 1-0

[Event "XI Mitropa Cup femminile"]
[Site "Ruzomberok SVK"]
[Date "2014.05.23"]
[Round "1.1"]
[White "Zimina, Olga"]
[Black "Wozniak, Mariola"]
[WhiteElo "2355"]
[BlackElo "2092"]
[Result "1-0"]
[Annotator "ITA-POL"]
[PlyCount "75"]
[EventDate "2014.05.23"]

1. Nf3 Nf6 2. c4 d6 3. Nc3 e5 4. d4 Nbd7 5. Bg5 Be7 6. e3 c6 7. Qc2 O-O 8. Bd3
h6 9. h4 Re8 10. Bxf6 Bxf6 11. O-O-O exd4 12. exd4 Nf8 13. Bf5 Qa5 14. g4 Bxf5
15. gxf5 Nd7 16. Kb1 Nb6 17. Nd2 d5 18. c5 Nd7 19. Rh3 b6 20. Nb3 Qb4 21. a3
Qc4 22. Nd2 Qxd4 23. Nde4 Qe5 24. Nxf6+ Qxf6 25. cxb6 axb6 26. Rg1 Nc5 27. Rhg3
Re5 28. Rxg7+ Qxg7 29. Rxg7+ Kxg7 30. Ne2 Re4 31. Qc3+ Kh7 32. Ng3 d4 33. Qc4
Re1+ 34. Ka2 Kg8 35. f6 Ra4 36. b4 Rd1 37. Qe2 Ne4 38. Nxe4 1-0

[Event "XI Mitropa Cup femminile"]
[Site "Ruzomberok SVK"]
[Date "2014.05.23"]
[Round "1.2"]
[White "Kiolbasa, Oliwia"]
[Black "Brunello, Marina"]
[WhiteElo "2015"]
[BlackElo "2304"]
[Result "0-1"]
[Annotator "ITA-POL"]
[PlyCount "80"]
[EventDate "2014.05.23"]

1. e4 c5 2. Nf3 d6 3. d4 cxd4 4. Nxd4 Nf6 5. Nc3 a6 6. Be2 e5 7. Nb3 Be7 8. Be3
Be6 9. Nd5 Nxd5 10. exd5 Bf5 11. O-O O-O 12. f4 exf4 13. Bxf4 Bg6 14. Bd3 Bf6
15. Bxg6 hxg6 16. Nd2 Qb6+ 17. Kh1 Qxb2 18. Rb1 Qxa2 19. Bxd6 Re8 20. Nf3 b5
21. Bf4 Nd7 22. Bg5 Rac8 23. Rf2 Nc5 24. Bxf6 gxf6 25. Ra1 Qc4 26. Rf1 Rcd8 27.
Qd4 Qxd4 28. Nxd4 Rxd5 29. Nc6 Kg7 30. Nb4 Rd6 31. Kg1 Re4 32. Rfb1 Rd2 33.
Nxa6 Nxa6 34. Rxa6 Ree2 35. Kf1 Rxg2 36. Rxb5 Rxh2 37. Kg1 Rdg2+ 38. Kf1 Rxc2
39. Kg1 Rhd2 40. Rb1 f5 0-1

[Event "XI Mitropa Cup femminile"]
[Site "Ruzomberok SVK"]
[Date "2014.05.24"]
[Round "2.1"]
[White "Sedina, Elena"]
[Black "Dudas, Eszter"]
[WhiteElo "2297"]
[BlackElo "2227"]
[Result "1/2-1/2"]
[Annotator "ITA-HUN"]
[PlyCount "120"]
[EventDate "2014.05.23"]

1. e4 e6 2. d4 d5 3. Nc3 Bb4 4. e5 Ne7 5. a3 Bxc3+ 6. bxc3 b6 7. Qg4 Ng6 8. h4
h5 9. Qg3 Ba6 10. Ne2 Qd7 11. Nf4 Nxf4 12. Bxf4 Kf8 13. Bxa6 Nxa6 14. a4 c5 15.
O-O Rc8 16. Bg5 cxd4 17. cxd4 Rc4 18. Qb3 Kg8 19. Rfb1 Nc7 20. a5 b5 21. a6 Kh7
22. Qd3+ g6 23. Bd2 Qe7 24. Bg5 Qd7 25. Bd2 Rb8 26. Qe3 Qe7 27. c3 Rc6 28. Qg3
Ne8 29. Bg5 Qc7 30. Rb3 Qc8 31. Qf3 Kg8 32. Bf6 Rxa6 33. Rab1 Rab6 34. g4 hxg4
35. Qxg4 Nxf6 36. exf6 Qf8 37. Qg5 Kh7 38. Kg2 Qh6 39. Qe5 Qh5 40. f3 Qxe5 41.
dxe5 a6 42. Ra3 Rc8 43. Rba1 Rcc6 44. Kf2 Kh6 45. Kg3 Kh5 46. R1a2 Kh6 47. Ra1
d4 48. cxd4 b4 49. Rb3 Rc4 50. Rd1 a5 51. d5 exd5 52. Rxd5 a4 53. Rbd3 Rc8 54.
Rd8 Rxd8 55. Rxd8 g5 56. Kg4 Kh7 57. Rd7 Kg8 58. Rd8+ Kh7 59. Rd7 Kg8 60. Rd8+
Kh7 1/2-1/2

[Event "XI Mitropa Cup femminile"]
[Site "Ruzomberok SVK"]
[Date "2014.05.24"]
[Round "2.2"]
[White "Varga, Melinda"]
[Black "Brunello, Marina"]
[WhiteElo "2163"]
[BlackElo "2304"]
[Result "1/2-1/2"]
[Annotator "ITA-HUN"]
[PlyCount "102"]
[EventDate "2014.05.23"]

1. Nf3 d5 2. g3 c6 3. Bg2 Bf5 4. O-O Nf6 5. d3 e6 6. Nbd2 h6 7. Qe1 Be7 8. e4
Bh7 9. Qe2 O-O 10. Ne5 Nbd7 11. Nxd7 Nxd7 12. Nb3 Bf6 13. f4 Qc7 14. e5 Be7 15.
Be3 a5 16. Nd4 a4 17. b3 Bc5 18. Qf2 Qa5 19. Rab1 axb3 20. axb3 Qb4 21. Bh3
Bxd4 22. Bxd4 Ra2 23. Rb2 Rfa8 24. Rxa2 Rxa2 25. Ra1 Rxa1+ 26. Bxa1 Qa5 27. Bb2
Qa2 28. Bd4 Qb1+ 29. Kg2 Qd1 30. Be3 Bg6 31. Qd2 Bh5 32. Qxd1 Bxd1 33. c3 Bxb3
34. d4 Bc2 35. Kf2 Nb6 36. Bf1 Na4 37. Bd2 Nb2 38. Ke1 Bd3 39. Bc1 Bxf1 40.
Bxb2 Bg2 41. Kf2 Bh3 42. Kf3 Kh7 43. Ba3 g5 44. fxg5 hxg5 45. Be7 Kg6 46. g4
Bf1 47. Bd8 Bd3 48. Bf6 Bc2 49. Kg3 Bd1 50. Bd8 Be2 51. Bf6 Bd1 1/2-1/2

[Event "XI Mitropa Cup femminile"]
[Site "Ruzomberok SVK"]
[Date "2014.05.25"]
[Round "3.1"]
[White "Exler, Veronika"]
[Black "Zimina, Olga"]
[WhiteElo "2156"]
[BlackElo "2355"]
[Result "0-1"]
[Annotator "ITA-AUT"]
[PlyCount "140"]
[EventDate "2014.05.23"]

1. d4 d5 2. c4 c6 3. Nf3 Nf6 4. g3 Bf5 5. Qb3 Qb6 6. Nc3 e6 7. c5 Qc7 8. Bf4
Qc8 9. Bg2 Nbd7 10. O-O Be7 11. Nh4 O-O 12. Nxf5 exf5 13. Qc2 g6 14. Rfc1 Re8
15. b4 a6 16. f3 Nh5 17. Bd2 Bf6 18. Qd3 Ng7 19. e4 dxe4 20. fxe4 Rd8 21. d5 a5
22. a3 Ne5 23. Qf1 axb4 24. axb4 Rxa1 25. Rxa1 Ng4 26. Qc4 Ne6 27. h3 Ne5 28.
Qf1 Nd4 29. Rb1 Bg7 30. d6 Qe6 31. exf5 Nxf5 32. Ne4 h6 33. Kh2 Nc4 34. Bc3
Bxc3 35. Nxc3 Nd2 36. Qe1 Nxb1 37. Qxe6 fxe6 38. Nxb1 Nxd6 39. cxd6 Rxd6 40.
Nc3 Rd3 41. Ne4 Rb3 42. Nc5 Rxb4 43. Nxe6 Kf7 44. Nd8+ Ke7 45. Nxc6+ bxc6 46.
Bxc6 Rb2+ 47. Bg2 Kf6 48. h4 Kf5 49. Kh3 g5 50. Bf3 gxh4 51. Bg4+ Ke5 52. gxh4
Rb3+ 53. Kg2 Kf4 54. Bh5 Rb5 55. Bf7 h5 56. Kh3 Re5 57. Bc4 Re3+ 58. Kg2 Kg4
59. Kf2 Rc3 60. Be6+ Kxh4 61. Kg2 Rg3+ 62. Kh2 Re3 63. Bd7 Re2+ 64. Kg1 Kg3 65.
Kf1 Rf2+ 66. Ke1 Rf6 67. Bc8 h4 68. Bb7 h3 69. Bh1 Kh2 70. Bb7 Kg1 0-1

[Event "XI Mitropa Cup femminile"]
[Site "Ruzomberok SVK"]
[Date "2014.05.25"]
[Round "3.2"]
[White "Sedina, Elena"]
[Black "Novkovic, Julia"]
[WhiteElo "2297"]
[BlackElo "2126"]
[Result "1-0"]
[Annotator "ITA-AUT"]
[PlyCount "166"]
[EventDate "2014.05.23"]

1. e4 e5 2. Nf3 Nc6 3. Bc4 Nf6 4. d3 Be7 5. O-O O-O 6. Re1 d6 7. a4 Kh8 8. h3
Ng8 9. Nc3 f5 10. Nd5 Bf6 11. a5 a6 12. c3 Nce7 13. Nxf6 gxf6 14. Qb3 Qd7 15.
Qa2 Ng6 16. b4 Qe7 17. exf5 Bxf5 18. Nd4 Nh4 19. Nxf5 Nxf5 20. d4 Qg7 21. Qc2
Nge7 22. Qe4 c6 23. Be6 d5 24. Qg4 Qxg4 25. hxg4 Ng7 26. Bh6 Nxe6 27. dxe5 Rf7
28. f4 Ng8 29. f5 Nxh6 30. fxe6 fxe5 31. exf7 Nxf7 32. Rf1 Kg7 33. Rf5 Re8 34.
Raf1 Re7 35. Kf2 e4 36. Ke2 Ne5 37. Rg5+ Ng6 38. g3 Re6 39. Rh1 Re7 40. Rgh5
Kg8 41. Rg5 Kg7 42. Rgh5 Kg8 43. Rf1 Kg7 44. Rff5 Re6 45. Ke3 Re7 46. Rf1 Kg8
47. Rg5 Kg7 48. Re1 h6 49. Rh5 Ne5 50. g5 Kg6 51. Rxh6+ Kxg5 52. Rh8 Rf7 53.
Rg8+ Kf6 54. Rf1+ Nf3 55. Rh1 Ke7 56. Rb8 Ne5 57. Rxb7+ Nd7 58. Rh8 Rf3+ 59.
Ke2 Ke6 60. Re8+ Kd6 61. Rd8 Rf7 62. g4 Ke6 63. g5 Rh7 64. Re8+ Kf5 65. Rd8
Rh2+ 66. Kf1 Ne5 67. Rf8+ Kxg5 68. Rg7+ Ng6 69. Rfg8 Rh6 70. Rc8 Kf5 71. Rxc6
Rh1+ 72. Kg2 Ne5 73. Kxh1 Nxc6 74. b5 axb5 75. a6 e3 76. Kg2 Ke4 77. Rc7 b4 78.
cxb4 Nxb4 79. Re7+ Kd3 80. a7 d4 81. a8=Q Nc2 82. Qe4+ Kd2 83. Rd7 Ne1+ 1-0

[Event "XI Mitropa Cup femminile"]
[Site "Ruzomberok SVK"]
[Date "2014.05.26"]
[Round "4.1"]
[White "Zimina, Olga"]
[Black "Marikova, Jana"]
[WhiteElo "2355"]
[BlackElo "2094"]
[Result "1-0"]
[Annotator "ITA-CZE2"]
[PlyCount "73"]
[EventDate "2014.05.23"]

1. Nf3 Nf6 2. c4 g6 3. Nc3 Bg7 4. e4 d6 5. d4 O-O 6. Be2 e5 7. Be3 Nc6 8. d5
Ne7 9. Nd2 Nd7 10. b4 f5 11. f3 Nf6 12. Rc1 f4 13. Bf2 g5 14. c5 Ne8 15. Nc4
Ng6 16. cxd6 cxd6 17. Nb5 b6 18. a4 Nh4 19. O-O Rf6 20. Re1 Rg6 21. a5 Bd7 22.
Nxa7 Rxa7 23. Nxb6 h5 24. Nxd7 Rxd7 25. a6 g4 26. fxg4 hxg4 27. Bxg4 f3 28.
Be6+ Kh8 29. g3 Rc7 30. a7 Ng2 31. Qa4 Qa8 32. Rxc7 Nxc7 33. Rc1 Nxe6 34. Qc6
Nc7 35. Qxa8+ Nxa8 36. Rc8+ Bf8 37. Rxa8 1-0

[Event "XI Mitropa Cup femminile"]
[Site "Ruzomberok SVK"]
[Date "2014.05.26"]
[Round "4.2"]
[White "Miturova, Magdalena"]
[Black "Brunello, Marina"]
[WhiteElo "2060"]
[BlackElo "2304"]
[Result "0-1"]
[Annotator "ITA-CZE2"]
[PlyCount "92"]
[EventDate "2014.05.23"]

1. e4 c5 2. Nf3 d6 3. d4 cxd4 4. Nxd4 Nf6 5. Nc3 a6 6. Be2 e5 7. Nb3 Be7 8. O-O
O-O 9. Re1 Be6 10. Bf3 Qc7 11. a4 Nbd7 12. Nd2 Rfc8 13. Nf1 Rab8 14. Ne3 b5 15.
g4 h6 16. axb5 axb5 17. Ncd5 Bxd5 18. exd5 g6 19. Bg2 Nh7 20. c3 Bg5 21. Nc2
Nc5 22. Bxg5 Nxg5 23. h4 Nh7 24. Nb4 Ra8 25. Rxa8 Rxa8 26. Nc6 Re8 27. h5 Nf6
28. hxg6 fxg6 29. b4 Na4 30. c4 Nb2 31. Qc2 Nxc4 32. Qxg6+ Qg7 33. Qxg7+ Kxg7
34. Ra1 Nxg4 35. Ra7+ Kf6 36. Na5 Rc8 37. Rd7 Kg5 38. Bh3 Kh4 39. Bxg4 Kxg4 40.
Kg2 Kf4 41. Nb7 Rg8+ 42. Kf1 Rg6 43. Na5 Ke4 44. Rb7 Na3 45. Nc6 Kd3 46. Rb6
Nc4 0-1

[Event "XI Mitropa Cup femminile"]
[Site "Ruzomberok SVK"]
[Date "2014.05.27"]
[Round "5.1"]
[White "Kochetkova, Julia"]
[Black "Sedina, Elena"]
[WhiteElo "2322"]
[BlackElo "2297"]
[Result "1/2-1/2"]
[Annotator "ITA-SVK"]
[PlyCount "59"]
[EventDate "2014.05.23"]

1. Nf3 d5 2. g3 Bg4 3. Bg2 Nd7 4. O-O c6 5. d3 e6 6. Nbd2 Bd6 7. Qe1 Ne7 8. e4
O-O 9. b3 a5 10. a4 Qb6 11. Bb2 Rae8 12. Kh1 e5 13. d4 exd4 14. Bxd4 Bc5 15.
Bxc5 Qxc5 16. Qc1 Ng6 17. Ng1 dxe4 18. Nxe4 Qb4 19. Qe1 Qxe1 20. Rfxe1 Rd8 21.
h3 Be6 22. Ne2 Nb6 23. Rad1 Rfe8 24. Kh2 Kf8 25. N2c3 Nd5 26. Nxd5 Bxd5 27. Nc5
Rxe1 28. Rxe1 Bxg2 29. Kxg2 b6 30. Nd3 1/2-1/2

[Event "XI Mitropa Cup femminile"]
[Site "Ruzomberok SVK"]
[Date "2014.05.27"]
[Round "5.2"]
[White "Brunello, Marina"]
[Black "Gazikova, Veronika"]
[WhiteElo "2304"]
[BlackElo "2144"]
[Result "1-0"]
[Annotator "ITA-SVK"]
[PlyCount "101"]
[EventDate "2014.05.23"]

1. e4 Nf6 2. e5 Nd5 3. d4 d6 4. c4 Nb6 5. exd6 exd6 6. Nc3 Nc6 7. d5 Ne5 8. f4
Ng4 9. Be2 g6 10. Qd4 Qf6 11. Qe4+ Qe7 12. h3 Nf6 13. Qe3 Bd7 14. a4 Qxe3 15.
Bxe3 Bg7 16. Nf3 O-O 17. Kf2 Bf5 18. Nd2 Rfe8 19. Rhe1 c6 20. a5 Nbd7 21. a6
bxa6 22. g4 Ne4+ 23. Ndxe4 Bxe4 24. Nxe4 Rxe4 25. dxc6 Nc5 26. Rad1 Bxb2 27.
Rxd6 Ba3 28. Rd5 Ne6 29. Bd3 Rxf4+ 30. Kg3 Rf6 31. g5 Nxg5 32. Bxg5 Rxc6 33.
Bd2 Bd6+ 34. Kg2 Bf8 35. Be3 Re8 36. Bf2 Rxe1 37. Bxe1 Bc5 38. Bc3 Rc8 39. Rd7
Bb6 40. Rd5 Rc6 41. Kf3 h5 42. Ke4 f5+ 43. Kf4 Bc7+ 44. Be5 Bb6 45. Bd6 Kf7 46.
Ke5 Bd8 47. c5 Bf6+ 48. Kf4 a5 49. Bc4 Kg7 50. Bb5 Rc8 51. Bd7 1-0

[Event "XI Mitropa Cup femminile"]
[Site "Ruzomberok SVK"]
[Date "2014.05.28"]
[Round "6.1"]
[White "Zimina, Olga"]
[Black "Motycakova, Monika"]
[WhiteElo "2355"]
[BlackElo "2091"]
[Result "1-0"]
[Annotator "ITA-SVK2"]
[PlyCount "99"]
[EventDate "2014.05.23"]

1. Nf3 Nf6 2. c4 e6 3. g3 a6 4. Bg2 b5 5. b3 c5 6. Bb2 Bb7 7. O-O Be7 8. Qc2
Qb6 9. d3 d5 10. Nbd2 Nbd7 11. cxd5 Bxd5 12. e4 Bb7 13. h3 O-O 14. Kh2 h6 15.
Rad1 Rac8 16. Qc3 Ne8 17. Qc2 Nef6 18. Ng1 Ne8 19. f4 f5 20. Ngf3 Bf6 21. Rfe1
Nc7 22. Bxf6 Nxf6 23. Nh4 fxe4 24. dxe4 Nh7 25. Ng6 Rf7 26. Nf3 Nf8 27. Nge5
Re7 28. Rd2 Ne8 29. Red1 Rec7 30. Nh4 c4 31. bxc4 bxc4 32. Qc3 Nf6 33. Rb2 Qc5
34. Rd4 Qe7 35. Rb4 Kh7 36. Rbxc4 Rxc4 37. Rxc4 Rxc4 38. Qxc4 Qa3 39. Nd3 Qa5
40. Nc5 Qc7 41. Qb4 a5 42. Qxb7 Qxc5 43. Qf7 Qb4 44. e5 N6d7 45. Bc6 Nb8 46.
Be8 a4 47. Ng2 a3 48. f5 exf5 49. e6 Nxe6 50. Qxe6 1-0

[Event "XI Mitropa Cup femminile"]
[Site "Ruzomberok SVK"]
[Date "2014.05.28"]
[Round "6.2"]
[White "Milcova, Zuzana"]
[Black "Brunello, Marina"]
[WhiteElo "2025"]
[BlackElo "2304"]
[Result "1/2-1/2"]
[Annotator "ITA-SVK2"]
[PlyCount "83"]
[EventDate "2014.05.23"]

1. d4 d5 2. Nf3 Nf6 3. Bf4 c6 4. c3 Bf5 5. e3 e6 6. Be2 Nbd7 7. h3 h6 8. Nbd2
Be7 9. O-O O-O 10. Re1 Bh7 11. Ne5 Ne8 12. Nxd7 Qxd7 13. Nf3 Nd6 14. Bd3 Nf5
15. Qc2 Bg6 16. Ne5 Qe8 17. e4 Nh4 18. Nxg6 Nxg6 19. Bg3 Nh4 20. exd5 cxd5 21.
Re2 Qd7 22. Rae1 Bg5 23. Bxh4 Bxh4 24. Qd1 b5 25. Bc2 Rab8 26. Qd3 g6 27. Qf3
Rb6 28. g3 Bd8 29. h4 f5 30. Qe3 Qg7 31. Qf3 Rf6 32. Bb3 Kh8 33. Qh1 Rd6 34. f4
h5 35. Kh2 Qd7 36. Qf3 Rf8 37. Re3 Bf6 38. Qe2 Re8 39. Bc2 Kg7 40. Bd3 Rb6 41.
a3 Kf7 42. Kh3 1/2-1/2

[Event "XI Mitropa Cup femminile"]
[Site "Ruzomberok SVK"]
[Date "2014.05.29"]
[Round "7.1"]
[White "Novosadova, Kristyna"]
[Black "Zimina, Olga"]
[WhiteElo "2205"]
[BlackElo "2355"]
[Result "0-1"]
[Annotator "ITA-CZE"]
[PlyCount "110"]
[EventDate "2014.05.23"]

1. e4 e5 2. Nc3 Nf6 3. f4 d5 4. fxe5 Nxe4 5. d3 Nxc3 6. bxc3 d4 7. Nf3 Nc6 8.
Be2 Bc5 9. O-O dxc3+ 10. Kh1 O-O 11. Qe1 Nd4 12. Bd1 Bb6 13. Qg3 Nf5 14. Qf4
Be6 15. Ng5 Qd4 16. Ne4 Ne7 17. Ba3 Ng6 18. Qg5 Rfe8 19. Bh5 Qxe5 20. Bxg6 Qxg5
21. Bxh7+ Kxh7 22. Nxg5+ Kg8 23. Ne4 a5 24. Nxc3 Bd4 25. Bb2 Bd7 26. Rab1 Bc6
27. Rfe1 b6 28. Re2 Bxc3 29. Rxe8+ Rxe8 30. Bxc3 Re2 31. Rg1 f6 32. h4 Rxc2 33.
Be1 Bd5 34. a3 Kf7 35. Kh2 Ke6 36. Kh3 Kd7 37. g4 Ra2 38. g5 Be6+ 39. Kg3 fxg5
40. hxg5 Rxa3 41. Kf4 Rxd3 42. g6 Rd1 43. Bf2 Rd6 44. Be1 Bb3 45. Rg2 Rc6 46.
Rg3 Bc2 47. Bc3 Bxg6 48. Bxg7 a4 49. Be5 Rc4+ 50. Kg5 Rc5 51. Kf6 Rc6+ 52. Kg7
Be4 53. Kf8 Rc5 54. Rg7+ Kc8 55. Re7 Bd3 0-1

[Event "XI Mitropa Cup femminile"]
[Site "Ruzomberok SVK"]
[Date "2014.05.29"]
[Round "7.2"]
[White "Sedina, Elena"]
[Black "Mareckova, Martina"]
[WhiteElo "2297"]
[BlackElo "2114"]
[Result "1/2-1/2"]
[Annotator "ITA-CZE"]
[PlyCount "103"]
[EventDate "2014.05.23"]

1. e4 e5 2. Nf3 Nc6 3. Bc4 Bc5 4. O-O Nf6 5. d3 O-O 6. Nbd2 h6 7. h3 d6 8. c3
a6 9. Bb3 Re8 10. Re1 Ba7 11. Nf1 Be6 12. N3h2 d5 13. Qf3 dxe4 14. dxe4 Bxb3
15. axb3 Qd6 16. Ng3 Ne7 17. Ng4 Nxg4 18. hxg4 Rad8 19. Nf5 Qd3 20. Be3 Nxf5
21. gxf5 Bxe3 22. Rxe3 Qd6 23. b4 Rd7 24. Qg4 Red8 25. Rae1 Qf6 26. g3 Rd2 27.
R3e2 Qg5 28. Qxg5 hxg5 29. f3 Kf8 30. Kf2 Ke7 31. Rh1 Rd1 32. Rxd1 Rxd1 33. Ke3
Rg1 34. g4 Rd1 35. Rh2 Re1+ 36. Kd3 Rf1 37. Ke2 Rb1 38. Kd3 Rf1 39. Rh3 b5 40.
Ke3 Re1+ 41. Kd3 Rd1+ 42. Ke3 Re1+ 43. Kd2 Rf1 44. b3 Rf2+ 45. Kd3 Rb2 46. Rh7
Kf6 47. Rh8 Rf2 48. Ke3 Rc2 49. Kd3 Rf2 50. Ke3 Rc2 51. Kd3 Rf2 52. Ke3 1/2-1/2

[Event "XI Mitropa Cup femminile"]
[Site "Ruzomberok SVK"]
[Date "2014.05.30"]
[Round "8.1"]
[White "Sedina, Elena"]
[Black "Fuchs, Judith"]
[WhiteElo "2297"]
[BlackElo "2304"]
[Result "0-1"]
[Annotator "ITA-GER"]
[PlyCount "90"]
[EventDate "2014.05.23"]

1. e4 c5 2. Nf3 d6 3. Bb5+ Nd7 4. O-O Ngf6 5. Re1 a6 6. Bd3 Ne5 7. Nxe5 dxe5 8.
a4 Bg4 9. Be2 Bd7 10. b3 Bc6 11. Bb2 Nd7 12. Na3 g6 13. Nc4 Bg7 14. Bg4 e6 15.
Nd6+ Ke7 16. Nc4 b5 17. Ne3 Bxe4 18. c4 b4 19. d3 Bb7 20. f4 Kf8 21. fxe5 Nxe5
22. Qe2 Kg8 23. Rad1 Qg5 24. Bxe5 Bxe5 25. Nc2 Bc3 26. Rf1 Kg7 27. Bf3 Ra7 28.
Kh1 Rd8 29. Be4 Bxe4 30. Qxe4 Rad7 31. Rf3 Qe5 32. Qg4 f5 33. Qg3 Qxg3 34. Rxg3
e5 35. Rf1 Rxd3 36. Ne3 f4 37. Nf5+ Kf6 38. Nh6 Ke6 39. Rgf3 Rd1 40. g3 Rxf1+
41. Rxf1 g5 42. h4 Rd3 43. gxf4 gxf4 44. Kg2 Rg3+ 45. Kh2 Rg6 0-1

[Event "XI Mitropa Cup femminile"]
[Site "Ruzomberok SVK"]
[Date "2014.05.30"]
[Round "8.2"]
[White "Osmanodja, Filiz"]
[Black "Brunello, Marina"]
[WhiteElo "2271"]
[BlackElo "2304"]
[Result "1/2-1/2"]
[Annotator "ITA-GER"]
[PlyCount "57"]
[EventDate "2014.05.23"]

1. e4 c5 2. Nf3 d6 3. d4 cxd4 4. Nxd4 Nf6 5. Nc3 a6 6. Be3 e5 7. Nf3 Be7 8. Bc4
O-O 9. O-O Be6 10. Bb3 Nc6 11. Qe2 Na5 12. Rfd1 Qc7 13. Bg5 Rac8 14. Bxf6 Bxf6
15. Rac1 Nxb3 16. axb3 Qc6 17. Nd5 Bd8 18. c4 f5 19. Rc3 Qe8 20. Nd2 Bh4 21.
Nf1 Kh8 22. exf5 Bxf5 23. Ng3 Be6 24. Rcd3 Qg6 25. Nb6 Rcd8 26. Qd2 Be7 27. Qe2
Bh4 28. Qd2 Be7 29. Qe2 1/2-1/2

[Event "XI Mitropa Cup femminile"]
[Site "Ruzomberok SVK"]
[Date "2014.05.31"]
[Round "9.1"]
[White "Srebrnic, Ana"]
[Black "Zimina, Olga"]
[WhiteElo "2243"]
[BlackElo "2355"]
[Result "1-0"]
[Annotator "ITA-SLO"]
[PlyCount "115"]
[EventDate "2014.05.23"]

1. c4 c6 2. d4 d5 3. Nf3 Nf6 4. Nc3 dxc4 5. a4 Bf5 6. e3 e6 7. Bxc4 Bb4 8. O-O
Nbd7 9. Qe2 O-O 10. e4 Bg6 11. Bd3 Bh5 12. e5 Nd5 13. Nxd5 cxd5 14. Qe3 Re8 15.
Bd2 Bxd2 16. Nxd2 Rc8 17. Rfc1 Bg6 18. Nb3 Bxd3 19. Qxd3 Qb6 20. Qb5 Nb8 21.
Rc3 Nc6 22. Rac1 Rb8 23. Rd1 Qd8 24. Rh3 Qg5 25. Qd3 Qg6 26. Qd2 Rbc8 27. Rg3
Qh5 28. Rh3 Qg4 29. Rg3 Qh4 30. Rh3 Qe7 31. Qd3 h6 32. Rg3 Kh8 33. Nd2 Qh4 34.
Nf3 Qe4 35. Ne1 Na5 36. Qxe4 dxe4 37. b4 Nc4 38. Rg4 e3 39. Nd3 Red8 40. Re1
exf2+ 41. Kxf2 Na3 42. Nc5 Rc7 43. Rc1 b6 44. Nxe6 Rxd4 45. Rxc7 Rxg4 46. Rxf7
Nc4 47. Rxa7 Nxe5 48. Ra8+ Kh7 49. Nf8+ Kg8 50. Nd7+ Kh7 51. Nxe5 Rxb4 52. Nd7
b5 53. a5 Ra4 54. a6 b4 55. Nc5 Ra5 56. Rb8 b3 57. Rxb3 Rxc5 58. Ra3 1-0

[Event "XI Mitropa Cup femminile"]
[Site "Ruzomberok SVK"]
[Date "2014.05.31"]
[Round "9.2"]
[White "Brunello, Marina"]
[Black "Kolaric, Spela"]
[WhiteElo "2304"]
[BlackElo "2048"]
[Result "1-0"]
[Annotator "ITA-SLO"]
[PlyCount "57"]
[EventDate "2014.05.23"]

1. e4 c5 2. Nf3 e6 3. g3 Nc6 4. Bg2 g6 5. d4 cxd4 6. Nxd4 Bg7 7. Nb5 Qa5+ 8.
N1c3 a6 9. Nd6+ Kf8 10. O-O Bd4 11. Ne2 Qc5 12. Nxc8 Rxc8 13. c3 Be5 14. Qxd7
Rc7 15. Qd3 h5 16. Be3 Qe7 17. Rad1 Nh6 18. f4 Bg7 19. h3 Kg8 20. Bb6 Rc8 21.
Qe3 Kh7 22. Rd3 e5 23. f5 Ng8 24. g4 Bh6 25. Qg3 hxg4 26. Qxg4 g5 27. f6 Nxf6
28. Qf5+ Kg7 29. Ng3 1-0

[Event "XXXIII Mitropa Cup"]
[Site "Ruzomberok SVK"]
[Date "2014.05.23"]
[Round "1.1"]
[White "Brunello, Sabino"]
[Black "Duda, Jan-Krzysztof"]
[WhiteElo "2582"]
[BlackElo "2587"]
[Result "1-0"]
[Annotator "ITA-POL"]
[PlyCount "89"]
[EventDate "2014.05.23"]

1. d4 Nf6 2. c4 e6 3. Nf3 d5 4. e3 c6 5. Nbd2 Be7 6. Bd3 dxc4 7. Nxc4 c5 8.
dxc5 Bxc5 9. a3 a6 10. b4 Ba7 11. Bb2 Nc6 12. Nfe5 Nxe5 13. Nxe5 O-O 14. O-O
Qe7 15. Qf3 Nd7 16. Nxd7 Qxd7 17. Bxa6 Bb8 18. Be2 e5 19. Rfd1 Qe7 20. Rac1 g6
21. Qd5 Be6 22. Qb5 Ra6 23. g3 Bf5 24. Bf3 e4 25. Be2 Ba7 26. Qd5 Re6 27. b5 h5
28. a4 h4 29. g4 h3 30. gxf5 Qg5+ 31. Kf1 gxf5 32. Ke1 Qg1+ 33. Kd2 Qxf2 34.
Rg1+ Kh7 35. Rg7+ Kh6 36. Rg3 Qxh2 37. Bg7+ Kh7 38. Qxf5+ Kg8 39. Be5+ Qxg3 40.
Bxg3 Rd8+ 41. Ke1 Bxe3 42. Rc7 Bd2+ 43. Kf1 Rf8 44. Bc4 e3 45. Ke2 1-0

[Event "XXXIII Mitropa Cup"]
[Site "Ruzomberok SVK"]
[Date "2014.05.23"]
[Round "1.2"]
[White "Nasuta, Grzegorz"]
[Black "Godena, Michele"]
[WhiteElo "2336"]
[BlackElo "2528"]
[Result "1/2-1/2"]
[Annotator "ITA-POL"]
[PlyCount "60"]
[EventDate "2014.05.23"]

1. e4 e5 2. Nf3 Nc6 3. Bb5 a6 4. Ba4 Nf6 5. O-O b5 6. Bb3 Bc5 7. a4 Bb7 8. c3
d6 9. d4 Bb6 10. Bg5 h6 11. Bxf6 Qxf6 12. Bd5 O-O 13. Na3 Rfb8 14. Nc2 exd4 15.
cxd4 bxa4 16. Rxa4 a5 17. Re1 Ne7 18. Bxb7 Rxb7 19. Ne3 Rd8 20. Qc2 Rbb8 21. h3
d5 22. e5 Qc6 23. Rc1 Qxc2 24. Rxc2 Rdc8 25. g4 g6 26. Ng2 c6 27. Kf1 Bc7 28.
Nge1 Rb5 29. Nd3 Bb6 30. Ke2 c5 1/2-1/2

[Event "XXXIII Mitropa Cup"]
[Site "Ruzomberok SVK"]
[Date "2014.05.23"]
[Round "1.3"]
[White "Rombaldoni, Denis"]
[Black "Gajek, Radoslaw"]
[WhiteElo "2485"]
[BlackElo "2315"]
[Result "1-0"]
[Annotator "ITA-POL"]
[PlyCount "53"]
[EventDate "2014.05.23"]

1. d4 Nf6 2. Bg5 Ne4 3. h4 c5 4. d5 Qb6 5. Nd2 Nxg5 6. hxg5 Qxb2 7. g6 fxg6 8.
e3 d6 9. Rb1 Qc3 10. Ne2 Qe5 11. Nf4 Bf5 12. Rxb7 Nd7 13. Bb5 O-O-O 14. Ba6 Nb8
15. Rxb8+ Kd7 16. Qb1 Rxb8 17. Qxb8 e6 18. dxe6+ Bxe6 19. Bc8+ Ke7 20. Bxe6
Qa1+ 21. Ke2 Qxh1 22. Qc7+ Kf6 23. Qf7+ Kg5 24. Nh3+ Kh5 25. Qf3+ Kh6 26. Qf4+
Kh5 27. Qg5# 1-0

[Event "XXXIII Mitropa Cup"]
[Site "Ruzomberok SVK"]
[Date "2014.05.23"]
[Round "1.4"]
[White "Jarmula, Lukasz"]
[Black "Rombaldoni, Axel"]
[WhiteElo "2256"]
[BlackElo "2510"]
[Result "1/2-1/2"]
[Annotator "ITA-POL"]
[PlyCount "109"]
[EventDate "2014.05.23"]

1. Nf3 e6 2. d4 Nf6 3. c4 Bb4+ 4. Nbd2 O-O 5. a3 Be7 6. e4 d6 7. Be2 c5 8. Qc2
cxd4 9. Nxd4 Nbd7 10. O-O a6 11. Nb1 Qc7 12. Nc3 b6 13. Be3 Bb7 14. f4 Rac8 15.
Rac1 Qb8 16. f5 e5 17. Nb3 b5 18. cxb5 Bxe4 19. Qd2 Ba8 20. Na5 axb5 21. Nxb5
Ne4 22. Qb4 Ndc5 23. Nc3 d5 24. Nxe4 Qxb4 25. Nf6+ Bxf6 26. axb4 Ne4 27. Rxc8
Rxc8 28. Ba6 Re8 29. Ba7 Bd8 30. Rc1 Bg5 31. Rc7 Bd2 32. Bb5 Rf8 33. Nc6 Nd6
34. Ba4 Bxc6 35. Bxc6 Bxb4 36. Bxd5 Nxf5 37. Rb7 Bd6 38. Rd7 Bb4 39. Rb7 Ne7
40. Bb3 Bd6 41. Rd7 Bb4 42. Rb7 Bd6 43. Rd7 Nc8 44. Bf2 Be7 45. Bg3 Bc5+ 46.
Bf2 Be7 47. Bg3 Bc5+ 48. Kf1 Bd4 49. Bf2 Bxf2 50. Kxf2 Nb6 51. Re7 Rb8 52. Rxf7
Kh8 53. Re7 g6 54. Rxe5 Nd7 55. Re3 1/2-1/2